|
|
|
|
| LEADER |
01534nam a2200349 a 4500 |
| 001 |
33346 |
| 003 |
BD-DhAAL |
| 005 |
20180714111149.0 |
| 008 |
950803r20041995nyua b 001 0 eng |
| 999 |
|
|
|c 39724
|d 39724
|
| 010 |
|
|
|a 94061111
|
| 020 |
|
|
|a 0500278199
|
| 020 |
|
|
|a 9780500278192
|
| 040 |
|
|
|a DLC
|c DLC
|d DLC
|d BD-DhAAL
|
| 050 |
0 |
0 |
|a SB470.5
|b .J44 1995
|
| 082 |
0 |
0 |
|a 712.09
|2 20
|
| 100 |
1 |
|
|a Jellicoe, Geoffrey,
|d 1900-1996.
|9 27094
|
| 245 |
1 |
4 |
|a The landscape of man :
|b shaping the environment from prehistory to the present day /
|c Geoffrey and Susan Jellicoe.
|
| 250 |
|
|
|a Third edition., expanded and updated, Rev. and enl. ed.
|
| 260 |
|
|
|a New York, N.Y. :
|b Thames and Hudson,
|c c1995 [reprinted 2004]
|
| 300 |
|
|
|a 408 pages :
|b illustrations ;
|c 29 cm.
|
| 504 |
|
|
|a Includes bibliographical references (pages 402-404) and index.
|
| 526 |
|
|
|a ARC
|
| 541 |
|
|
|e 33346
|
| 650 |
|
0 |
|a Landscape architecture
|x History.
|9 27095
|
| 650 |
|
0 |
|a Nature
|x Effect of human beings on
|x History.
|9 27096
|
| 650 |
|
0 |
|a Landscape architecture
|x History
|v Pictorial works.
|9 27097
|
| 650 |
|
0 |
|a Nature
|x Effect of human beings on
|x History
|v Pictorial works.
|9 27098
|
| 700 |
1 |
|
|a Jellicoe, Susan.
|9 27099
|
| 852 |
|
|
|a Department of Architecture
|c General Stacks
|
| 942 |
|
|
|2 ddc
|c BK
|
| 952 |
|
|
|0 0
|1 0
|2 ddc
|4 1
|6 712_090000000000000_JEL
|7 0
|9 63751
|a ENH
|b ARC
|c GEN
|d 2018-07-14
|l 0
|o 712.09 JEL
|p 3010033346
|r 2018-07-14
|t 1
|w 2018-07-14
|y BK
|x Departmental-issued damaged books were found in the ENH department for the reason of termites eaten in 2016
|